|
|
|
|
| LEADER |
00000nab a2200000 a 4500 |
| 001 |
vtls000220373 |
| 003 |
SK-MaSNL |
| 005 |
20260304053517.0 |
| 008 |
250422c1985 xo 0 slo |
| 015 |
|
|
|a SNBRB19rr/mm-uuuuu
|
| 035 |
|
|
|a CL0230487
|
| 035 |
|
|
|a urn:nbn:sk:snk-ab5v5
|
| 035 |
|
|
|a (urnnbn)urn:nbn:sk:snk:ar-a03q1y
|
| 035 |
|
|
|a (uuid)3371f6a0-6e45-4771-b688-4bc74fa4531e
|
| 040 |
|
|
|a SNKBUCL
|b slo
|c SNKBUCL
|e AACR2
|
| 041 |
0 |
|
|a slo
|
| 044 |
|
|
|a xo
|c SK
|
| 080 |
|
|
|a 1 100.218
|2 1981
|
| 100 |
1 |
|
|a Džachaja, L. G.
|4 aut
|9 1337832
|
| 245 |
1 |
0 |
|a Dialektickomaterialistická metodológia ako systém filozofických princípov
|c L. G. Džachaja
|
| 300 |
|
|
|b Lit. 13 zázn. v ruš., slov.
|
| 650 |
0 |
7 |
|a princípy filozofické
|2 snkbucl
|9 978460
|
| 655 |
|
7 |
|a články z novín a časopisov
|2 snkbucl
|9 267496
|
| 773 |
0 |
|
|t Filozofia
|g Roč. 40, č. 1 (1985), s. 57-65
|
| 850 |
|
|
|a Slovenská národná knižnica
|
| 852 |
|
|
|a Slovenská národná knižnica
|
| 954 |
|
|
|a odborná, vedecká literatúra pôvodná (slovenská)
|2 lita
|
| 958 |
|
|
|a article27
|
| 958 |
|
|
|a OND
|
| 958 |
|
|
|a NB
|
| 958 |
|
|
|a RK
|
| 958 |
|
|
|a EUIPO
|
| 992 |
|
|
|a RBX
|
| 999 |
|
|
|c 2713708
|d 2715638
|